书目信息 |
| 题名: |
化工单元过程及设备课程设计
|
|
| 作者: | 王瑶 , 张晓冬 主编 | |
| 分册: | ||
| 出版信息: | 北京 化学工业出版社 2017.6 |
|
| 页数: | 344页 | |
| 开本: | 26cm | |
| 丛书名: | ||
| 单 册: | ||
| 中图分类: | TQ02 , TQ05 | |
| 科图分类: | ||
| 主题词: | 化工单元操作--课程设计--高等教育--教材 , 化工设备--课程设计--高等教育--教材 , 化工单元操作 , 课程设计 , 化工设备 | |
| 电子资源: | ||
| ISBN: | 978-7-122-17798-8 | |
| 000 | 01127nam0 2200337 450 | |
| 001 | 0400003647 | |
| 005 | 20171026103537.90 | |
| 010 | @a978-7-122-17798-8@dCNY42.00 | |
| 090 | @aTQ02@bwy | |
| 100 | @a20171022d2017 em y0chiy ea | |
| 101 | 0 | @achi |
| 102 | @aCN@b110000 | |
| 105 | @aa z 000yy | |
| 106 | @ar | |
| 200 | 1 | @a化工单元过程及设备课程设计@9hua gong dan yuan guo cheng ji she bei ke cheng she ji@f王瑶,张晓冬主编 |
| 205 | @a第3版 | |
| 210 | @a北京@c化学工业出版社@d2017.6 | |
| 215 | @a344页@c图@d26cm | |
| 300 | @a面向21世纪课程教材 高等教育规划教材 | |
| 330 | @a本书介绍了典型化工单元过程的工艺设计、包括精馏过程、吸收过程、干燥过程。同时考虑到在化工过程中,列管式换热器应用的广泛性,书中介绍了列管换热器的工艺设计。 | |
| 606 | 0 | @a化工单元操作@x课程设计@x高等教育@j教材 |
| 606 | 0 | @a化工设备@x课程设计@x高等教育@j教材 |
| 606 | 0 | @a化工单元操作 |
| 606 | 0 | @a课程设计 |
| 606 | 0 | @a化工设备 |
| 690 | @aTQ02@v5 | |
| 690 | @aTQ05@v5 | |
| 701 | 0 | @a王瑶@9wang yao@4主编 |
| 701 | 0 | @a张晓冬@9zhang xiao dong@4主编 |
| 801 | 0 | @aCN@bNLC@c20171022 |
| 905 | @b1036431-5@dTQ02@f5@e436=3 | |
| 化工单元过程及设备课程设计/王瑶,张晓冬主编.-第3版.-北京:化学工业出版社,2017.6 |
| 344页:图;26cm |
| 面向21世纪课程教材 高等教育规划教材 |
| ISBN 978-7-122-17798-8:CNY42.00 |
| 本书介绍了典型化工单元过程的工艺设计、包括精馏过程、吸收过程、干燥过程。同时考虑到在化工过程中,列管式换热器应用的广泛性,书中介绍了列管换热器的工艺设计。 |
| ● |
| 相关链接 |
|
|
|
|
正题名:化工单元过程及设备课程设计
索取号:TQ02/436=3
 
预约/预借
| 序号 | 登录号 | 条形码 | 馆藏地/架位号 | 状态 | 备注 |
| 1 | 1036431 | 210364318 | 第二样本阅览室/ [索取号:TQ02/436=3] | 在馆 | |
| 2 | 1036432 | 210364327 | 密集书库-化学系/ [索取号:TQ02/436=3] | 在馆 | |
| 3 | 1036433 | 210364336 | 第三借阅区/ [索取号:TQ02/436=3] | 在馆 | |
| 4 | 1036434 | 210364345 | 第三借阅区/ [索取号:TQ02/436=3] | 在馆 | |
| 5 | 1036435 | 210364354 | 第三借阅区/ [索取号:TQ02/436=3] | 在馆 |